00388 2200157 4500001002100000005001500021035002000036245003600056100001600092300002800108260003800136082000800174084001400182020002200196990001200218INLIS00000000000189420250519094754 a0010-05250001861 aSurga Untuk Odha /cHAS Chamidi0 aHAS Chamidi a200 hlm ;c14 x 19,5 cm aYogyakarta :bPustaka Ilmu,c2013 a813 a813 HAS s a978-602-7853-36-2 a0754795